| 000 | 00671nam a2200241Ia 4500 | ||
|---|---|---|---|
| 008 | 180523s9999 xx 000 0 und d | ||
| 020 | _a81-7224-676-5 | ||
| 050 | _aMAIN HF 5549 | ||
| 050 | _b.W47 1999 | ||
| 100 | _aWerther, William B., Jr. | ||
| 245 | 0 | _aDear boss : | |
| 245 | 0 | _bwhat every manager needs to hear and every employee wants to say / | |
| 245 | 0 | _cWilliam B. Werther, Jr. | |
| 260 | _aNew Delhi : | ||
| 260 | _bJaico Publishing, | ||
| 260 | _c1999 | ||
| 300 | _a226 pages : | ||
| 300 | _c22 cm. | ||
| 650 | _aPersonnel management. | ||
| 650 | _aSupervision of employees. | ||
| 650 | _xEmployees -- Attitudes. | ||
| 650 | _xSupervisors. | ||
| 999 |
_c357154 _d357154 |
||